Ախալցխայի և Ախալքալաքի գավառների 1918-ի ինքնապաշտպանությունը / (Record no. 82763)
[ view plain ]
| 000 -LEADER | |
|---|---|
| fixed length control field | 00991nam a2200229 u 4500 |
| 001 - CONTROL NUMBER | |
| control field | 000234309 |
| 003 - CONTROL NUMBER IDENTIFIER | |
| control field | AM-YeHGA |
| 005 - DATE AND TIME OF LATEST TRANSACTION | |
| control field | 20250618071601.0 |
| 008 - FIXED-LENGTH DATA ELEMENTS--GENERAL INFORMATION | |
| fixed length control field | 030612s1992 ai b|||gr|||||||||0|arm|d |
| 020 ## - INTERNATIONAL STANDARD BOOK NUMBER | |
| International Standard Book Number | 5540015215 |
| 040 ## - CATALOGING SOURCE | |
| Original cataloging agency | AM-YeHGA |
| 041 0# - LANGUAGE CODE | |
| Language code of text/sound track or separate title | arm |
| 090 ## - LOCALLY ASSIGNED LC-TYPE CALL NUMBER (OCLC); LOCAL CALL NUMBER (RLIN) | |
| -- | 84036 |
| 245 10 - TITLE STATEMENT | |
| Title | Ախալցխայի և Ախալքալաքի գավառների 1918-ի ինքնապաշտպանությունը / |
| Statement of responsibility, etc. | Ա.Ս. Սանոսյան; Գրախոս.՝ Ա.Ա. Մելքոնյան; Խմբ.՝ Գ.Ռ. Կնյազյան. |
| 260 ## - PUBLICATION, DISTRIBUTION, ETC. | |
| Place of publication, distribution, etc. | Երևան : |
| Name of publisher, distributor, etc. | Հայաստան, |
| Date of publication, distribution, etc. | 1992. |
| 300 ## - PHYSICAL DESCRIPTION | |
| Extent | 208 էջ : |
| Other physical details | քարտեզ ; |
| Dimensions | 20 սմ. |
| 504 ## - BIBLIOGRAPHY, ETC. NOTE | |
| Bibliography, etc. note | Տողատակի մատենագիտ. ծանոթագր. հայ. և ռուս. լեզուներով |
| 650 14 - SUBJECT ADDED ENTRY--TOPICAL TERM | |
| Topical term or geographic name entry element | Պատմություն |
| General subdivision | Ազատագրական շարժում |
| Geographic subdivision | Ջավախք |
| 700 1# - ADDED ENTRY--PERSONAL NAME | |
| Personal name | Մելքոնյան, Աշոտ Աղասու, |
| Dates associated with a name | 1961- |
| Relator term | գրախոս. |
| Relationship | rev |
| 9 (RLIN) | 3429 |
| 700 1# - ADDED ENTRY--PERSONAL NAME | |
| Personal name | Կնյազյան, Գ.Ռ. |
| Relator term | խմբ. |
| Relationship | edt |
| 942 ## - ADDED ENTRY ELEMENTS (KOHA) | |
| Source of classification or shelving scheme | Universal Decimal Classification |
| Koha item type | Գրքեր / Books |
| Withdrawn status | Lost status | Source of classification or shelving scheme | Damaged status | Not for loan | Collection | Home library | Current library | Date acquired | Total checkouts | Full call number | Barcode | Date last seen | Price effective from | Koha item type | Public note |
|---|---|---|---|---|---|---|---|---|---|---|---|---|---|---|---|
| Universal Decimal Classification | General | Fundamental Scientific Library | Fundamental Scientific Library | 22/12/2016 | AII/82765 | 220082765 | 22/12/2016 | 22/12/2016 | Գրքեր / Books | 30 Days Loan | |||||
| Universal Decimal Classification | General | Fundamental Scientific Library | Fundamental Scientific Library | 22/12/2016 | AII/83871 | 220083871 | 22/12/2016 | 22/12/2016 | Գրքեր / Books | 30 Days Loan | |||||
| Universal Decimal Classification | General | Fundamental Scientific Library | Fundamental Scientific Library | 22/12/2016 | AII/83872 | 220083872 | 22/12/2016 | 22/12/2016 | Գրքեր / Books | 30 Days Loan | |||||
| General | Fundamental Scientific Library | Fundamental Scientific Library | 22/12/2016 | AII/86023 | FL0067187 | 22/12/2016 | 22/12/2016 | Գրքեր / Books | 30 Days Loan |
ՀՀ Գիտությունների ազգային ակադեմիայի հիմնարար գիտական գրադարան = Fundamental Scientific Library of NAS RA
All site content, except where otherwise noted, is licensed under a